Plomo para espías
Libro de ficción y espionaje que gira en torno a la investigación personal del espía Bernard Samson, para poder descubrir los motivos que hicieron que su esposa abandonara su hogar e hijos, con el fin de poder trabajar con la KGB, asimismo, las pistas lo conducirán a escenarios escalofriantes y sorp...
Guardado en:
| Autor principal: | |
|---|---|
| Formato: | Libro |
| Lenguaje: | Undetermined |
| Publicado: |
Barcelona, España
Planeta
1990
|
| Materias: | |
| Etiquetas: |
Agregar Etiqueta
Sin Etiquetas, Sea el primero en etiquetar este registro!
|
MARC
| LEADER | 00000nam a2200000Ia 4500 | ||
|---|---|---|---|
| 008 | 170316s9999 xx 000 0 und d | ||
| 040 | |a cru BVZT | ||
| 090 | |a 810 D-3p | ||
| 100 | |a Deighton, Len | ||
| 245 | |a Plomo para espías | ||
| 260 | |a Barcelona, España | ||
| 260 | |b Planeta | ||
| 260 | |c 1990 | ||
| 300 | |a 320 páginas | ||
| 520 | |a Libro de ficción y espionaje que gira en torno a la investigación personal del espía Bernard Samson, para poder descubrir los motivos que hicieron que su esposa abandonara su hogar e hijos, con el fin de poder trabajar con la KGB, asimismo, las pistas lo conducirán a escenarios escalofriantes y sorpresivos. Esta obra, escrita por el historiador militar Len Deighton a finales del siglo XX, refleja lo compleja y misteriosa que resulta ser la vida personal en el mundo del espionaje. | ||
| 650 | |a LITERATURA ESTADOUNIDENSE |9 25 | ||
| 999 | |c 20950 |d 20950 | ||
| 942 | |c 15 D |h 810 D-3p |2 z | ||
